ბათუმის შოთა რუსთაველის სახელმწიფო უნივერსიტეტის ბიბლიოთეკა

მათემატიკური პროგრამირება (ბიბ.ჩანაწერი № 34869)

000 -LEADER
fixed length control field 00869nam a2200241Ia 4500
001 - CONTROL NUMBER
control field 687
003 - CONTROL NUMBER IDENTIFIER
control field GE_BSU
008 - FIXED-LENGTH DATA ELEMENTS--GENERAL INFORMATION
fixed length control field 181216s||||||||xx |||||||||||||| ||und||
020 ## - INTERNATIONAL STANDARD BOOK NUMBER
International Standard Book Number 9789941131219
040 ## - CATALOGING SOURCE
Transcribing agency GE_BSU
080 ## - UNIVERSAL DECIMAL CLASSIFICATION NUMBER
Universal Decimal Classification number 519.6
100 ## - MAIN ENTRY--PERSONAL NAME
Personal name გელაშვილი,კობა და სხვა
245 ## - TITLE STATEMENT
Title მათემატიკური პროგრამირება
245 ## - TITLE STATEMENT
Remainder of title ივ.ჯავახიშვილის სახ. თბილისის სახ. უნტი
260 ## - PUBLICATION, DISTRIBUTION, ETC.
Place of publication, distribution, etc. თბილისი
260 ## - PUBLICATION, DISTRIBUTION, ETC.
Name of publisher, distributor, etc. თბილისის უნივერსიტეტის გამ–ბა
260 ## - PUBLICATION, DISTRIBUTION, ETC.
Date of publication, distribution, etc. 2009
300 ## - PHYSICAL DESCRIPTION
Extent 167გვ.
653 ## - INDEX TERM--UNCONTROLLED
Uncontrolled term მათემატიკა
653 ## - INDEX TERM--UNCONTROLLED
Uncontrolled term მათემატიკური პროგრამირება
942 ## - ADDED ENTRY ELEMENTS (KOHA)
Koha item type წიგნი
ეგზემპლარები
Withdrawn status Lost status Damaged status Not for loan Date acquired Barcode Date last seen Price effective from Koha item type
        2018-12-17 872 2018-12-17 2018-12-17 წიგნი